Formación y capacitación docente
| Autore principale: | |
|---|---|
| Natura: | Libro |
| Lingua: | spagnolo |
| Pubblicazione: |
Panamá :
El Ministerio,
1999
|
| Soggetti: |
MARC
| LEADER | 00000nam a2200000Ia 4500 | ||
|---|---|---|---|
| 008 | 180706b1999 p ||||| |||| 00| | spa d | ||
| 999 | |c 2024 |d 2024 | ||
| 090 | |a 06.06.02 |b 709 | ||
| 100 | |a Panamá. Ministerio de Educación |9 3953 | ||
| 245 | 1 | 0 | |a Formación y capacitación docente |
| 260 | |a Panamá : |b El Ministerio, |c 1999 | ||
| 300 | |a 8 páginas | ||
| 500 | |a Ponencia presentada en Reunión Centroamericana realizada en la Ciudad de Panamá en marzo de 1999. | ||
| 650 | 1 | 4 | |a FORMACIÓN DE DOCENTES |9 9 |
| 650 | 1 | 4 | |a CAPACITACIÓN |9 729 |
| 942 | |i 001136 |h 06.06.02 709 |2 z |c 01 | ||
